Central Library OPAC University of Rajshahi

First steps in Muslim jurisprudence, consisting of excerpts from Bākūrat-al-saʻd of Ibn Abū Zayd, with Arabic text, English translation / (Record no. 32394)

MARC details
000 -LEADER
fixed length control field 00969cam a2200289u 4500
001 - CONTROL NUMBER
control field 32394
003 - CONTROL NUMBER IDENTIFIER
rucl marc code BD-RjUL
005 - DATE AND TIME OF LATEST TRANSACTION
control field 20211209051829.0
008 - FIXED-LENGTH DATA ELEMENTS--GENERAL INFORMATION
fixed length control field 140426r19631906enk 000 0 eng d
035 ## - SYSTEM CONTROL NUMBER
System control number (BD-RjUL) 32483
040 ## - CATALOGING SOURCE
Original cataloging agency DLC
Transcribing agency CarP
Modifying agency DLC
-- BD-RjUL
Language of cataloging eng
041 ## - LANGUAGE CODE
Language code of text/sound track or separate title eng
082 04 - DEWEY DECIMAL CLASSIFICATION NUMBER
Author mark and year ZAF 1963
Classification number 297.3
100 1# - MAIN ENTRY--PERSONAL NAME
Personal name Zayd ibn Abu
9 (RLIN) 98546
245 10 - TITLE STATEMENT
Title First steps in Muslim jurisprudence, consisting of excerpts from Bākūrat-al-saʻd of Ibn Abū Zayd, with Arabic text, English translation /
Statement of responsibility, etc. ibn Abu Zayd
260 ## - PUBLICATION, DISTRIBUTION, ETC. (IMPRINT)
Place of publication, distribution, etc. London :
Name of publisher, distributor, etc. Luzac,
Date of publication, distribution, etc. 1906 [Reprinted 1963]
300 ## - PHYSICAL DESCRIPTION
Pagination xxi, 121 p. ;
Size 20 cm.
504 ## - BIBLIOGRAPHY, ETC. NOTE
Bibliography, etc Includes Index
650 #0 - SUBJECT ADDED ENTRY--TOPICAL TERM
Topical term or geographic name as entry element Islamic law.
9 (RLIN) 98547
Topical term or geographic name as entry element Malikites
9 (RLIN) 98548
700 1# - ADDED ENTRY--PERSONAL NAME
Personal name Russell, Alexander David,
Dates associated with a name 1864-
Relator term ed.
Personal name Suhrawardy, Abdullah al-Mamun,
Dates associated with a name 1882-1935,
Relator term ed.
942 ## - ADDED ENTRY ELEMENTS (KOHA)
Source of classification or shelving scheme Dewey Decimal Classification
Koha item type Books
Holdings
Lost status Source of classification or shelving scheme Damaged status Not for loan Collection code Permanent Location Current Location Shelving location Date acquired Source of acquisition Cost, normal purchase price Total Checkouts Full call number Date last seen Copy number Koha item type
  Dewey Decimal Classification     Non-fiction Central Library, University of Rajshahi Central Library, University of Rajshahi   20/02/1971 Zeitlinger 18.00   297.3 ZAF 1963 26/04/2014 C-2 Books
  Dewey Decimal Classification   Not For Loan Non-fiction Central Library, University of Rajshahi Central Library, University of Rajshahi Reading Room 27/02/1967 Pak American 13.50   297.3 ZAF 1963 27/04/2014 C-1 Books
  Dewey Decimal Classification     Non-fiction Central Library, University of Rajshahi Central Library, University of Rajshahi   28/04/2014       297.3 ZAF 1963 28/04/2014 C-5 Books
  Dewey Decimal Classification     Non-fiction Central Library, University of Rajshahi Central Library, University of Rajshahi   28/04/2014       297.3 ZAF 1963 28/04/2014 C-4 Books
  Dewey Decimal Classification     Non-fiction Central Library, University of Rajshahi Central Library, University of Rajshahi   20/02/1971 Zeitlinger 18.00   297.3 ZAF 1963 29/04/2014 C-3 Books
  Dewey Decimal Classification     Non-fiction Central Library, University of Rajshahi Central Library, University of Rajshahi   20/02/1971 Zeitlinger 18.00   297.3 ZAF 1963 29/04/2014 C-6 Books